Highest Ranked Nations in Football by Continent - Statistics

General Stats
  • This quiz has been taken 154 times
  • The average score is 28 of 36
Answer Stats
Continent # FIFA Rank Answer % Correct
South America 1 1 Argentina
100%
South America 2 5 Brazil
100%
Europe 6 8 Spain
98%
Oceania 1 25 Australia
97%
South America 4 14 Colombia
97%
Europe 1 2 France
97%
North America 1 12 United States
97%
North America 4 48 Canada
96%
North America 2 15 Mexico
96%
South America 3 11 Uruguay
96%
Oceania 2 104 Aotearoa New Zealand
93%
South America 5 32 Ecuador
91%
Asia 1 17 Japan
91%
South America 6 35 Peru
90%
Europe 5 7 Portugal
89%
Europe 3 4 Belgium
88%
Europe 2 3 England
88%
Europe 4 6 Netherlands
86%
Asia 3 23 Korea Republic
85%
Africa 5 33 Egypt
82%
Africa 1 13 Morocco
80%
Africa 4 30 Algeria
75%
Africa 6 42 Nigeria
75%
North America 5 52 Costa Rica
72%
Asia 2 21 Iran
72%
Asia 5 56 Saudi Arabia
72%
Africa 2 20 Senegal
71%
North America 3 41 Panama
70%
North America 6 55 Jamaica
66%
Oceania 6 165 Papua New Guinea
65%
Asia 6 58 Qatar
65%
Africa 3 28 Tunisia
65%
Oceania 3 132 Solomon Islands
49%
Asia 4 37 Türkiye
46%
Oceania 5 163 Tahiti
26%
Oceania 4 159 New Caledonia
19%
No matching quizzes found
Score Distribution
Percent of People with Each Score
Percentile by Number Answered
Your Score History
You have not taken this quiz